000
00282nam a2200109Ia 4500
008
200302s9999 xx 000 0 und d
100
_a
Patricia Seligman
245
_a
Step By Step Art School Oils
260
_b
Octopus Publishing Ggroup Ltd, London
260
_c
2002
300
_a
156 P
999
_c
4867
_d
4867